The wall decoration of three Theban tombs : (TT 77, 175, and 249) /

محفوظ في:

المؤلف الرئيسي: Manniche, Lise (مؤلف)

التنسيق: كتاب

اللغة: English

منشور في: Copenhagen : Carsten Neibuhr Institute of Ancient Near Eastern Studies : Museum Tusculanum, University of Copenhagen, 1988.

سلاسل: Carsten Niebuhr Institute of Near Eastern Studies, 4.
CNIP ; 4.

الموضوعات:

الوسوم: إضافة وسم

لا توجد وسوم, كن أول من يضع وسما على هذه التسجيلة!

رقم الطلب: DS41 .C62 v.4

LEADER 00986namaa2200277 4500
001 12395
003 OSt
005 20260305064924.0
008 130303s1988 dk a 001 0 eng d
010 |a 92123176 
020 |a 8772890363 
040 |c ARCE Library 
043 |a f-ua--- 
050 4 |a DS41 .C62 v.4 
100 1 |a Manniche, Lise,  |e author  |9 35316 
245 1 0 |a The wall decoration of three Theban tombs :  |b (TT 77, 175, and 249) /  |c by Lise Manniche 
264 1 |a Copenhagen :  |b Carsten Neibuhr Institute of Ancient Near Eastern Studies :  |b Museum Tusculanum, University of Copenhagen,  |c 1988. 
300 |a 65 pages :  |b illustrations ;  |c 31 cm. 
490 0 |a Carsten Niebuhr Institute of Near Eastern Studies,   |x 0902-5499 ;   |v 4. 
490 0 |a CNIP ;   |v 4. 
500 |a Includes index. 
650 0 |a Tombs  |z Egypt  |z Thebes (Exinct city).  
650 0 |a Mural painting and decoration, Egyptian  |z Egypt  |z Thebes (Extinct city) 
901 |a reviewed 
942 |c BK  |2 lcc 
999 |c 10903  |d 10903